<?xml version="1.0" encoding="UTF-8"?>
<record
    xmlns:xsi="http://www.w3.org/2001/XMLSchema-instance"
    xsi:schemaLocation="http://www.loc.gov/MARC21/slim http://www.loc.gov/standards/marcxml/schema/MARC21slim.xsd"
    xmlns="http://www.loc.gov/MARC21/slim">

  <leader>01509nam a2200265Ia 4500</leader>
  <controlfield tag="001">IA_Creams of different treatments after fifteen days, were subjected to analysis of chemical composition, texture and instrumental determination of sensory evaluation. These differ (p ? 0.05) in their content of fat, moisture and protein, depending on the degree of substitution of coconut oil by WPI, showing increases in protein content and fat reduction. Creams chocolate macadamia nut textural characteristics showed statistically significant compared to the A100 cream. As for the sensory evaluation, the cream A0,W100 revealed a much higher level of pleasure and was preferred by the consumer.</controlfield>
  <controlfield tag="002">EFECTO DEL AISLADO DE PROTEiNA DE LACTOSUERO SOBRE</controlfield>
  <controlfield tag="008">220117s    xx            000 0 und d</controlfield>
  <datafield tag="010" ind1=" " ind2=" ">
    <subfield code="a">186377</subfield>
  </datafield>
  <datafield tag="530" ind1=" " ind2=" ">
    <subfield code="a">Disponible en PDF</subfield>
  </datafield>
  <datafield tag="583" ind1=" " ind2=" ">
    <subfield code="a">1 ej. Impreso ; 1 ej. en CD</subfield>
  </datafield>
  <datafield tag="650" ind1=" " ind2=" ">
    <subfield code="a">Cream</subfield>
    <subfield code="x">Macadamia nuts  </subfield>
    <subfield code="9">162045</subfield>
  </datafield>
  <datafield tag="650" ind1=" " ind2=" ">
    <subfield code="a">Crema</subfield>
    <subfield code="x">Nueces macadamia  </subfield>
    <subfield code="9">162046</subfield>
  </datafield>
  <datafield tag="650" ind1=" " ind2=" ">
    <subfield code="a">Desserts</subfield>
    <subfield code="9">158069</subfield>
  </datafield>
  <datafield tag="650" ind1=" " ind2=" ">
    <subfield code="a">Evaluaci&#xF3;n sensorial de los alimentos  </subfield>
    <subfield code="9">147007</subfield>
  </datafield>
  <datafield tag="650" ind1=" " ind2=" ">
    <subfield code="a">Postres  </subfield>
    <subfield code="9">157184</subfield>
  </datafield>
  <datafield tag="650" ind1=" " ind2=" ">
    <subfield code="a">Prote&#xED;na de suero aislada  </subfield>
    <subfield code="9">162047</subfield>
  </datafield>
  <datafield tag="650" ind1=" " ind2=" ">
    <subfield code="a">Sensory evaluation  </subfield>
    <subfield code="9">147012</subfield>
  </datafield>
  <datafield tag="650" ind1=" " ind2=" ">
    <subfield code="a">Whey protein isolate  </subfield>
    <subfield code="9">162048</subfield>
  </datafield>
  <datafield tag="700" ind1=" " ind2=" ">
    <subfield code="a">Hern&#xE1;ndez Montes, Arturo, asesor</subfield>
    <subfield code="9">163719</subfield>
  </datafield>
  <datafield tag="700" ind1=" " ind2=" ">
    <subfield code="a">Hern&#xE1;ndez Rodr&#xED;guez, Landy, asesor </subfield>
    <subfield code="9">163779</subfield>
  </datafield>
  <datafield tag="700" ind1=" " ind2=" ">
    <subfield code="a">Ram&#xED;rez Santiago, C&#xE9;sar, dir. </subfield>
    <subfield code="9">150568</subfield>
  </datafield>
  <datafield tag="942" ind1=" " ind2=" ">
    <subfield code="c">TESIS B65 2016</subfield>
  </datafield>
  <datafield tag="999" ind1=" " ind2=" ">
    <subfield code="c">186377</subfield>
    <subfield code="d">186377</subfield>
  </datafield>
</record>
